000 00442nam a2200169Ia 4500
008 210719s1993 xx 000 0 und d
020 _a0078819512
041 _aeng
082 _a001.6424U REIU
100 _aREISS (Levi) and RADIN (Joseph)
245 _aUnix system administration guide.
260 _aNew York.
_bOsborne mcGraw-Hill.,
_c1993
300 _axxx,640
_bPB
365 _cRs
650 _aComputer Science
906 _aUNIX
999 _c213528
_d213528